000 00308nam a2200109Ia 4500
008 171211s9999 xx 000 0 und d
245 2 _aA Practical Approach to Pharmaceutical Policy
245 _cAndreas Seiter
260 _c2010
650 _xFITNESS
856 _uhttp://down.ebook777.com/063/0821383868.pdf
999 _c349045
_d349045